000 00827nam a2200253 i 4500
001 000046285
003 DO-SdBNP
005 20240305125107.0
007 ta
008 110303s2022 dr 000 0 spa d
020 _a9789945181869
040 _aDO-SdBNP
_bspa
_cBNPHU
_erda
082 _bI438
_222
100 1 _aFernández Spencer, Antonio,
_d1922-1995
_922525
245 1 0 _aInforme final estudio sobre la contaminación de la central termoeléctrica Punta Catalina, CTPC
264 _aSanto Domingo :
_bComité Nacional de Lucha Contra el Cambio Climático,
_c2022.
300 _a342 paginas. :
_bilustracione ;
_c29 cm.
336 _2rdacontent
_atexto
_btxt
337 _2rdamedia
_asin mediación
_bn
338 _2rdacarrier
_avolumen
_bnc
590 _ainventariado, 2023 / DG
910 _aDG
942 _2ddc
_cLBS1
999 _c53521
_d53521